000
00239 a2200097 4500
001
46013
100
_a
Gray A
245
_a
A manual of swimming instruction for school
260
_a
London
_b
University of London
_c
090
_c
29141
_d
29141
942
_a
NUST-CAE
_c
M
_c
21271
999
_c
281086
_d
281086